[Event "Open"]
[Site "Ikaros GRE"]
[Date "2003.07.17"]
[Round "6"]
[White "Souleidis,G"]
[Black "Kofidis,A"]
[Result "1-0"]
[WhiteElo "2382"]
[BlackElo "2434"]

1.e4 c5 2.Nf3 d6 3.d4 cxd4 4.Nxd4 Nf6 5.Nc3 a6 6.g3 Bg4 7.f3 Bd7 8.Be3 Nc6
9.g4 e6 10.g5 Ng8 11.Qd2 Nge7 12.Nb3 Na5 13.O-O-O Nec6 14.Na4 Nxb3+ 15.axb3 b5
16.Nb6 Rb8 17.Nxd7 Qxd7 18.f4 a5 19.Bc5 Nb4 20.Bxd6 Qxd6 21.Qxd6 Bxd6 22.Rxd6 Ke7
23.Rd2 Rhc8 24.h4 Rc5 25.Kb1 Rbc8 26.c3 Nc6 27.e5 h6 28.Be2 b4 29.c4 Nb8
30.Rhd1 R5c7 31.Rd6 hxg5 32.hxg5 Rh8 33.Rb6 Nd7 34.Rb5 Rh2 35.Bd3 Nc5 36.Bc2 Nb7
37.Rd4 Rf2 38.g6 fxg6 39.Bxg6 Rf1+ 40.Ka2 Nc5 41.Bc2 Rf2 42.Bd1 Rd7 43.Rxd7+ Nxd7
44.c5 Rd2 45.Bf3 a4 46.bxa4 b3+ 47.Ka3 Rc2 48.c6 Nc5 49.Rb7+ Kd8 50.Rxg7 Rc4
51.Ra7 Rxf4 52.Be2 Re4 53.Bb5 Rxe5 54.Kb4 Rd5 55.Kc4 Kc8 56.Rh7 Kb8 57.a5 Ne4
58.c7+ Kb7 59.Ba6+  1-0

[Event "zt 3.3 w"]
[Site "Yongchuan CHN"]
[Date "2003.07.18"]
[Round "7"]
[White "Zhao Xue"]
[Black "Gu Xiaobing"]
[Result "1-0"]
[WhiteElo "2467"]
[BlackElo "2346"]

1.e4 c5 2.Nf3 d6 3.d4 cxd4 4.Nxd4 Nf6 5.Nc3 a6 6.g3 e5 7.Nb3 Be7 8.Bg2 Be6
9.O-O O-O 10.a4 Nbd7 11.a5 Qc7 12.Nd5 Nxd5 13.exd5 Bf5 14.c3 Nf6 15.f4 Bg4
16.Qd3 Rfe8 17.Be3 e4 18.Bxe4 Nxe4 19.Qxe4 Be2 20.Rfe1 Bf6 21.Qg2 Bc4 22.Nd2 Bd3
23.Qf3 Qd7 24.g4 Bh4 25.Bf2 Bxf2+ 26.Kxf2 Qb5 27.b4 h6 28.Rxe8+ Rxe8 29.Re1 Rxe1
30.Kxe1 Bc4 31.Qe4 Bxd5 32.c4 Bxe4 33.cxb5 Bh1 34.bxa6 bxa6 35.Nc4 d5 36.Ne5 Be4
37.Kd2 d4 38.Nd7 Bc6 39.Nc5 Bb5 40.Nb3 d3 41.Nd4 Bc4 42.Nf5 Kf8 43.Nd6 Be6
44.f5 Bd5 45.Kxd3 Bf3 46.Ke3 Bxg4 47.b5 axb5 48.a6 Bh3 49.Kf2  1-0

[Event "3rd Savaria Summer Open"]
[Site "Szombathely HUN"]
[Date "2003.07.21"]
[Round "3"]
[White "Nagy,Ben"]
[Black "Szeberenyi,A"]
[Result "0-1"]
[WhiteElo "2292"]
[BlackElo "2385"]

1.e4 c5 2.Nf3 d6 3.d4 cxd4 4.Nxd4 Nf6 5.Nc3 a6 6.g3 e5 7.Nde2 b5 8.a3 Nbd7
9.Bg2 Bb7 10.h3 Be7 11.g4 Nb6 12.Ng3 g6 13.O-O O-O 14.f4 exf4 15.Bxf4 Nc4
16.Kh2 Nd7 17.b3 Nce5 18.Nce2 Re8 19.Nd4 Bf8 20.Qd2 Nc5 21.Bg5 Qc7 22.Bf6 Ncd7
23.Rae1 Nxf6 24.Rxf6 Bg7 25.g5 Nd7 26.Ndf5 gxf5 27.Nxf5 Nxf6 28.Nxg7 Kxg7
29.gxf6+ Kh8 30.Rf1 Rg8 31.Rf5 Bxe4 32.Bxe4 d5+ 33.Kh1 dxe4 34.Qe2 Qg3  0-1

[Event "3rd Savaria Summer Open"]
[Site "Szombathely HUN"]
[Date "2003.07.22"]
[Round "4"]
[White "Barcsi,J"]
[Black "Szabo,K"]
[Result "0-1"]
[WhiteElo "2105"]
[BlackElo "2277"]

1.e4 c5 2.Nf3 d6 3.d4 cxd4 4.Nxd4 Nf6 5.Nc3 a6 6.g3 e5 7.Nde2 b5 8.Bg2 Bb7
9.a3 Nbd7 10.O-O Nc5 11.Bg5 Be7 12.Bxf6 Bxf6 13.h3 O-O 14.g4 g6 15.Nd5 Bg5
16.f4 exf4 17.Nexf4 Ne6 18.Nxe6 fxe6 19.Rxf8+ Kxf8 20.Qf3+ Kg8 21.Rf1 Qf8
22.Qc3 Qg7 23.Qxg7+ Kxg7 24.Nc7 Be3+ 25.Kh1 Rc8 26.Nxe6+ Kg8 27.c3 Re8 28.Rf6 Bc1
29.Nc7 Re7 30.Nd5 Bxd5 31.exd5 Bxb2 32.Rxd6 Re1+ 33.Kh2 Bxc3 34.Rd8+ Kf7
35.Bf3 Be5+ 36.Kg2 Ra1 37.d6 Ra2+ 38.Kf1 Ke6 39.d7 Bc7 40.Ra8 Kxd7 41.Rxa6 b4
42.Bc6+ Ke7 43.Bd5 Rxa3 44.Re6+ Kd7 45.Re4 Bd6 46.g5 b3 47.Re2 Ra1+ 48.Kg2 Rb1
49.Be4 Rc1 50.Rb2 Rc3 51.h4 Be5 52.Rd2+ Ke6 53.Bd5+ Kf5  0-1

[Event "KB Czech Open"]
[Site "Pardubice CZE"]
[Date "2003.07.25"]
[Round "8"]
[White "Faibisovich,V"]
[Black "Zakhartsov,V"]
[Result "1/2-1/2"]
[WhiteElo "2421"]
[BlackElo "2525"]

1.e4 c5 2.Nf3 d6 3.d4 cxd4 4.Nxd4 Nf6 5.Nc3 a6 6.g3 e5 7.Nde2 Nbd7 8.Bg2 b6
9.O-O Bb7 10.Nd5 Nxd5 11.exd5 Be7 12.c4 O-O 13.Be3 Rc8 14.Rc1 a5 15.f4 Ba6
16.b3 b5 17.cxb5 Rxc1 18.Qxc1 Bxb5 19.Qd2 exf4 20.Bxf4 Nc5 21.Be3 Bf6 22.Bxc5 dxc5
23.Re1 Re8 24.Nc3 Bd4+ 25.Kh1 Rxe1+ 26.Qxe1 Ba6 27.Ne4 h5 28.Bf3 g6 29.Kg2 Bb7
30.d6 Kg7 31.Nd2 Bxf3+ 32.Nxf3 Qxd6 33.Qxa5 Qc6 34.Qd2 Bf6 35.h4 c4 36.bxc4 Qxc4
37.Ng5 Qc6+ 38.Nf3 Qc4  1/2-1/2

[Event "3rd Savaria Summer Open"]
[Site "Szombathely HUN"]
[Date "2003.07.27"]
[Round "9"]
[White "Nagy,Ben"]
[Black "Kosa,G"]
[Result "1/2-1/2"]
[WhiteElo "2292"]
[BlackElo "2055"]

1.e4 c5 2.Nf3 d6 3.d4 cxd4 4.Nxd4 Nf6 5.Nc3 a6 6.g3 e5 7.Nde2 b5 8.a3 Bb7
9.Bg2 Nbd7 10.h3 Be7 11.g4 Nc5 12.Ng3 O-O 13.O-O Ne8 14.Be3 g6 15.Bh6 Ng7
16.Nd5 Bg5 17.Bxg5 Qxg5 18.Qc1 Qh4 19.Rd1  1/2-1/2

[Event "Summer"]
[Site "Tel Aviv ISR"]
[Date "2003.07.27"]
[Round "7"]
[White "Shutzman,J"]
[Black "Bykhovsky,Av"]
[Result "0-1"]
[WhiteElo "2244"]
[BlackElo "2452"]

1.e4 c5 2.Nf3 d6 3.d4 cxd4 4.Nxd4 Nf6 5.Nc3 a6 6.g3 e5 7.Nde2 h6 8.Bg2 Nbd7
9.a4 b6 10.h3 Bb7 11.g4 Rc8 12.O-O Nc5 13.Ng3 g6 14.Be3 Rc7 15.Qd2 Nfd7 16.Nd5 Bxd5
17.Qxd5 Ne6 18.c3 Qc8 19.Rfd1 Ndc5 20.Bf1 Be7 21.b4 Nd7 22.Rac1 Kf8 23.a5 bxa5
24.Qxa5 Nb8 25.c4 Kg7 26.b5 Nc5 27.Qa2 Nbd7 28.Ra1 Ra7 29.Qb1 Qa8 30.Be2 Rb8
31.Kh2 Rb6 32.Qc2 Bg5 33.bxa6 Rbxa6 34.Rxa6 Rxa6 35.Rd2 Bf4 36.Bf3 Bxe3 37.fxe3 Ra3
38.Bg2 Qa6 39.Qd1 Nb7 40.Qf3 Qxc4 41.h4 Ra2 42.Rd1 Qe6 43.Rf1 Nd8 44.h5 Qc4
45.Kh1 Qe6 46.hxg6 fxg6 47.Bh3 Nf7 48.Bg2 Nf6 49.Ne2 Ng5 50.Qf2 Nfh7 51.Rb1 Ra7
52.Rb6 Nf6  0-1

[Event "MTO"]
[Site "Biel SUI"]
[Date "2003.07.30"]
[Round "9"]
[White "Al Modiahki,M"]
[Black "Sedlak,N"]
[Result "1-0"]
[WhiteElo "2574"]
[BlackElo "2528"]

1.e4 c5 2.Nf3 d6 3.d4 cxd4 4.Nxd4 Nf6 5.Nc3 a6 6.g3 e5 7.Nde2 Nbd7 8.Bg2 Be7
9.h3 b5 10.g4 b4 11.Nd5 Nxd5 12.exd5 a5 13.a3 Ba6 14.O-O O-O 15.axb4 axb4
16.Bd2 b3 17.cxb3 Nc5 18.b4 Nd3 19.Rxa6 Rxa6 20.Be4 Nf4 21.Bxf4 exf4 22.Bxh7+ Kh8
23.Bc2 g6 24.Nxf4 Bg5 25.Ne2 Bf6 26.Nd4 Qb6 27.Nc6 Ra2 28.Qd2 Rxb2 29.Qh6+ Kg8
30.g5 Bd8 31.Bxg6 fxg6 32.Qxg6+ Kh8 33.Qh6+ Kg8 34.Qg6+ Kh8 35.Qh6+ Kg8 36.Ne7+ Bxe7
37.Qg6+ Kh8 38.Qh6+ Kg8 39.Qg6+ Kh8 40.Qh6+ Kg8 41.g6  1-0

[Event "3rd Open"]
[Site "Plancoet FRA"]
[Date "2003.08.01"]
[Round "7"]
[White "Georgieva,Li"]
[Black "Bleuzen,C"]
[Result "1-0"]
[WhiteElo "2249"]
[BlackElo "1995"]

1.e4 c5 2.Nf3 d6 3.d4 cxd4 4.Nxd4 Nf6 5.Nc3 a6 6.g3 Qc7 7.Bg2 Nc6 8.O-O Nxd4
9.Qxd4 e5 10.Qd3 Be7 11.Bg5 Be6 12.Rfd1 Rd8 13.a4 h6 14.Bxf6 Bxf6 15.a5 Be7
16.Qd2 Qc5 17.Na4 Qc6 18.Nb6 O-O 19.Qe2 Kh7 20.c4 Qc5 21.Ra4 Rde8 22.b4 Qc6
23.Raa1 Bd8 24.Nd5 b6 25.b5 Qc5 26.axb6 Bxb6 27.Nxb6 Qxb6 28.Rxa6 Qc5 29.Rc6 Qb4
30.Rdxd6 Rd8 31.Rxd8 Rxd8 32.Bf1 Qb1 33.Kg2 Rd1 34.Rxe6 fxe6 35.c5 Rc1 36.c6 Qb4
37.h4 Qc5 38.h5 Rc2 39.Qf3 Kg8 40.Be2 Qd6 41.Qd3 Qc5 42.b6 Qxc6 43.b7 Rb2
44.Qd8+ Kh7 45.b8=Q Rxb8 46.Qxb8 Qxe4+ 47.Bf3 Qf5 48.Qa8  1-0

[Event "It"]
[Site "Kramatorsk UKR"]
[Date "2003.08.05"]
[Round "11"]
[White "Kuzmin,Ge"]
[Black "Areshchenko,A"]
[Result "1/2-1/2"]
[WhiteElo "2516"]
[BlackElo "2542"]

1.e4 c5 2.Nf3 d6 3.d4 cxd4 4.Nxd4 Nf6 5.Nc3 a6 6.g3 e5 7.Nde2 Be7 8.Bg2 b5
9.h3 Bb7 10.a3 Nbd7 11.g4 Nb6 12.Ng3 d5 13.Nf5 O-O 14.exd5 b4 15.axb4 Bxb4
16.O-O Bxc3 17.bxc3 Bxd5 18.Bxd5 Nfxd5 19.c4 Nf4 20.Bxf4 exf4 21.c5 Qxd1
22.Rfxd1 Nc8 23.Rd7 g6 24.Nh6+ Kg7 25.g5 a5 26.Ra4 Ra7 27.Rxa7 Nxa7 28.Rxa5 Nc6
29.Ra6 Ne5 30.Kg2 Rc8 31.Rd6 Kf8 32.Rd5 Re8 33.c3 Nc6 34.Ng4 Rc8 35.Kf3 Ne7
36.Re5 Nc6 37.Re4 Nd8 38.Rc4 Ne6 39.h4 Rxc5 40.Rxc5 Nxc5 41.Kxf4 Ke7 42.Ke5 Nd3+
43.Ke4 Ne1 44.Ne3 f5+ 45.gxf6+ Kxf6 46.c4 Ke6 47.c5 Kd7 48.Kd5 Nd3 49.Ng4 Nf4+
50.Kc4 Ng2 51.Ne5+ Kc7 52.Nf3 Kc6 53.Kd4 Nf4 54.Kc4 Ng2 55.Nd4+ Kc7 56.c6 Nxh4
57.Kc5 Nf5 58.Nb5+ Kd8 59.Kb6 Ne7 60.Kb7 Nd5 61.Nc3 Nc7 62.Ne4 h5 63.Ng5 h4
64.f3 Ne8 65.Kb8 Ke7 66.c7 Nxc7  1/2-1/2

[Event "10th Summer Open"]
[Site "Nice FRA"]
[Date "2003.08.08"]
[Round "6"]
[White "Gachet,S"]
[Black "Birens,EA"]
[Result "1-0"]
[WhiteElo "2259"]
[BlackElo "2112"]

1.e4 c5 2.Nf3 d6 3.d4 cxd4 4.Nxd4 Nf6 5.Nc3 a6 6.g3 e6 7.Bg2 Qc7 8.O-O Be7
9.a4 Nc6 10.Be3 O-O 11.h3 Bd7 12.Nb3 b6 13.f4 Rab8 14.Qe2 Na5 15.Nxa5 bxa5
16.Rab1 Rb4 17.Qxa6 Rfb8 18.Qd3 Bc6 19.b3 Qb7 20.Bd4 e5 21.fxe5 dxe5 22.Bxe5 Rd8
23.Qe2 Bc5+ 24.Kh2 Nxe4 25.Nxe4 Bxe4 26.Bc3 Bxg2 27.Qxg2 Re4 28.Rbe1 Rde8
29.Rxe4 Rxe4 30.Rf4 f5 31.Rxe4 fxe4 32.Qe2 Qe7 33.Bxa5 e3 34.Be1 Qe5 35.b4 Bd6
36.a5 h5 37.Qc4+ Kh7 38.Qd3+ g6 39.a6 h4 40.a7 hxg3+ 41.Kg2 Qa1 42.Qxe3 Qa2
43.Qd3 Bf8 44.Qd7+ Kg8 45.Bd2 g5 46.Kxg3 Qa1 47.Qd5+ Kh7 48.a8=Q Qg1+ 49.Qg2 Bd6+
50.Kg4 Qd1+ 51.Qaf3  1-0

[Event "Jezero Open"]
[Site "Belgrade YUG"]
[Date "2003.08.14"]
[Round "1"]
[White "Brujic,B"]
[Black "Begovic,I"]
[Result "1-0"]
[WhiteElo "2310"]
[BlackElo "1994"]

1.e4 c5 2.Nf3 d6 3.d4 cxd4 4.Nxd4 Nf6 5.Nc3 a6 6.g3 Nc6 7.Bg2 Bg4 8.Nxc6 bxc6
9.Qd4 e5 10.Qd3 Qc8 11.h3 Be6 12.f4 Nd7 13.f5 Nc5 14.Qe2 Bd7 15.Be3 Nb7 16.Na4 Qd8
17.Nb6 Rb8 18.Qxa6 Be7 19.a4 O-O 20.a5 d5 21.exd5 Bxf5 22.dxc6 Nc5 23.Qa7 Bxc2
24.O-O Qd3 25.Nd5 Bd6 26.Bxc5 Ra8 27.Qb6 Rfb8 28.Bxd6 Rxb6 29.axb6 Re8  1-0

[Event "9th Open"]
[Site "Pilsen-Lobzy CZE"]
[Date "2003.08.17"]
[Round "2"]
[White "Tuma,J"]
[Black "Kalista,K"]
[Result "1-0"]
[WhiteElo "2138"]
[BlackElo "2074"]

1.e4 c5 2.Nf3 d6 3.d4 cxd4 4.Nxd4 Nf6 5.Nc3 a6 6.g3 e5 7.Nde2 Be7 8.Bg2 Qc7
9.O-O O-O 10.h3 b5 11.Be3 b4 12.Nd5 Nxd5 13.exd5 Bf5 14.c3 Qb7 15.Qd2 bxc3
16.Nxc3 Nd7 17.Rac1 Rab8 18.b3 Rfc8 19.Na4 Bd8 20.Rc6 e4 21.Rfc1 Ne5 22.Rxd6 Rxc1+
23.Qxc1 Nd3 24.Qc6 Qxc6 25.dxc6 Bc7 26.Rd4 Nb4 27.Bxe4 Bxe4 28.Rxe4 Nxa2
29.Nc5 f5 30.Ra4 Nb4 31.Nxa6 Nxa6 32.Rxa6 Rxb3 33.Ra8+  1-0

[Event "2nd It"]
[Site "Pays de Charleroi FRA"]
[Date "2003.08.22"]
[Round "1"]
[White "Saiboulatov,D"]
[Black "Le Quang,K"]
[Result "1-0"]
[WhiteElo "2366"]
[BlackElo "2244"]

1.e4 c5 2.Nf3 d6 3.d4 cxd4 4.Nxd4 Nf6 5.Nc3 a6 6.g3 e5 7.Nde2 Nbd7 8.Bg2 b5
9.O-O Bb7 10.h3 Rc8 11.a3 h5 12.Bg5 Be7 13.Qd2 O-O 14.Rad1 Re8 15.f4 Qb6+
16.Kh1 a5 17.Nd5 Bxd5 18.exd5 e4 19.Nd4 Rc5 20.Nb3 Rxd5 21.Qxa5 Rxd1 22.Rxd1 Qxa5
23.Nxa5 Rc8 24.c3 Nc5 25.Bf1 Bd8 26.b4 Nd3 27.Bxd3 exd3 28.Rxd3 Ne4 29.Kg2 f6
30.Bh4 Nxc3 31.Nb7 Be7  1-0

[Event "ADCF Masters"]
[Site "Abu Dhabi UAE"]
[Date "2003.08.23"]
[Round "7"]
[White "Ghaem Maghami,E"]
[Black "Adly,A"]
[Result "0-1"]
[WhiteElo "2544"]
[BlackElo "2429"]

1.e4 c5 2.Nc3 a6 3.Nf3 d6 4.d4 cxd4 5.Nxd4 Nf6 6.g3 e5 7.Nde2 b5 8.Bg2 Bb7
9.h3 Nbd7 10.g4 b4 11.Nd5 Nxd5 12.exd5 h5 13.Be3 hxg4 14.hxg4 Rxh1+ 15.Bxh1 Nf6
16.Bg5 Qd7 17.Bxf6 Qxg4 18.Qd3 gxf6 19.O-O-O Bc8 20.f4 Bd7 21.Bf3 Qg6 22.Qd2 Rc8
23.Rg1 Qh7 24.Kd1 a5 25.Rh1 Qg6 26.Rg1 Qh7 27.Rh1 Qf5 28.Kc1 a4 29.b3 axb3
30.axb3 Bb5 31.Rh5 Qd3 32.Rh3 Qxb3 33.Kd1 Qb1+ 34.Nc1 b3 35.cxb3 Rxc1+  0-1

[Event "9th Open"]
[Site "Pilsen-Lobzy CZE"]
[Date "2003.08.23"]
[Round "8"]
[White "Nun,Ji"]
[Black "Plischki,S"]
[Result "1/2-1/2"]
[WhiteElo "2358"]
[BlackElo "2310"]

1.e4 c5 2.Nf3 d6 3.d4 cxd4 4.Nxd4 Nf6 5.Nc3 a6 6.g3 e6 7.Bg2 Be7 8.O-O O-O
9.a4 Nc6 10.Nde2 Qc7 11.h3 b6 12.g4 Bb7 13.Bf4 Rfd8 14.Bg3 Bf8 15.Qc1 Nd7
16.Rd1 Rab8 17.b3 Ba8 18.Qb2 Rbc8 19.Rd2 Nce5 20.Rad1 g5 21.Na2 Bg7 22.c3 Nf8
23.f4 gxf4 24.Nxf4 Nfg6 25.Nh5 Bh8 26.Rd4 b5 27.axb5 axb5 28.Qd2 Qa7 29.Bf2 Qa3
30.Nc1 Nc6 31.Rd3 Rd7 32.g5 Nce5 33.Nf6+ Bxf6 34.gxf6 Kh8 35.Rg3 d5 36.Qh6 Qf8
37.Qxf8+ Rxf8 38.exd5 Bxd5 39.Bxd5 Rfd8 40.Ne2 Rxd5 41.Rxd5 Rxd5 42.Nd4 Nd7
43.c4 bxc4 44.bxc4 Rh5 45.Nf3 Nxf6 46.Ng5 Ne5 47.Kf1 h6 48.Bd4 Rxg5 49.Rxg5 hxg5
50.Bxe5 Kg7 51.c5 Kg6 52.c6 Nd5 53.c7 Nb6 54.Ke2 Kf5 55.Bd6 Nc8 56.Bc5 Ke4
57.Be3 f6 58.Bd2 Kd5 59.Kf3 Kc6 60.Kg4 Kxc7 61.Bc3 e5 62.Kf5 Nd6+ 63.Kxf6 Ne4+
64.Kxe5 Nxc3 65.Kf5  1/2-1/2

[Event "Acropolis Open"]
[Site "Athens GRE"]
[Date "2003.09.01"]
[Round "8"]
[White "Stanojoski,Z"]
[Black "Nikolaidis,I"]
[Result "1/2-1/2"]
[WhiteElo "2496"]
[BlackElo "2478"]

1.e4 c5 2.Nf3 d6 3.d4 Nf6 4.Nc3 cxd4 5.Nxd4 a6 6.g3 e6 7.Bg2 Be7 8.O-O Qc7
9.Re1 O-O 10.h3 Nc6 11.a4 Rb8 12.Be3 Ne5 13.g4 Bd7 14.g5 Ne8 15.f4 Nc6 16.h4 d5
17.exd5 Nxd4 18.Qxd4 Nd6 19.dxe6 fxe6 20.Rad1 Bc6 21.Qe5 Bxg2 22.Qxe6+ Rf7
23.Kxg2 Bf8 24.Bf2 Kh8 25.Qg4 Nf5 26.Rd5 Rd8 27.Rxd8 Qxd8 28.Qe2 Qd6 29.Qc4 Qg6
30.Qe2 Qd6 31.Qe4 Nxh4+ 32.Bxh4 Rxf4 33.Bg3 Rxe4 34.Bxd6 Rxe1 35.Bxf8 Re5
36.Bd6 Rxg5+ 37.Kf3 Rf5+ 38.Kg3 h5 39.Ne4 Kh7 40.c4 g5 41.b4 Kg6 42.b5 h4+
43.Kg2 axb5 44.axb5 Rf7 45.c5 Kf5 46.Kf3 g4+ 47.Ke3 g3 48.Kf3 Ke6+ 49.Kg2 Kd5
50.Ng5 Rf2+ 51.Kh3 Rh2+ 52.Kg4 Rh1 53.Kf3 Rc1 54.b6 g2  1/2-1/2

[Event "V Open"]
[Site "Sants ESP"]
[Date "2003.09.07"]
[Round "9"]
[White "Llaneza Vega,P"]
[Black "Gommers,R"]
[Result "0-1"]
[WhiteElo "2219"]
[BlackElo "2347"]

1.e4 c5 2.Nf3 d6 3.d4 cxd4 4.Nxd4 Nf6 5.Nc3 a6 6.g3 e6 7.Bg2 Be7 8.O-O O-O
9.a4 Qc7 10.h3 Nbd7 11.g4 h6 12.f4 Nh7 13.a5 Rb8 14.Kh1 b6 15.f5 Ne5 16.fxe6 fxe6
17.Rxf8+ Nxf8 18.g5 Bxg5 19.Bxg5 hxg5 20.Qh5 Qe7 21.axb6 Rxb6 22.b3 Nfg6
23.Nce2 Nh4 24.Rf1 g6 25.Qh6 Nf7 26.Rxf7 Kxf7  0-1

[Event "TCh-CHN"]
[Site "Tianjing CHN"]
[Date "2003.09.07"]
[Round "7"]
[White "Zhang Zhong"]
[Black "Wu Shaobin"]
[Result "1-0"]
[WhiteElo "2658"]
[BlackElo "2531"]

1.e4 c5 2.Nf3 d6 3.d4 cxd4 4.Nxd4 Nf6 5.Nc3 a6 6.g3 e5 7.Nde2 Nbd7 8.Bg2 b5
9.h3 Bb7 10.g4 Nc5 11.Ng3 g6 12.O-O Be7 13.Bh6 b4 14.Nd5 Nxd5 15.exd5 Bg5
16.Bxg5 Qxg5 17.f4 exf4 18.Qd4 O-O 19.Rxf4 a5 20.Rf6 Rad8 21.Re1 Qh4 22.Kh2 h5
23.Re7 Qg5 24.gxh5 Rde8 25.Rxg6+ Qxg6 26.hxg6 Rxe7 27.g7  1-0

[Event "TCh-CRO"]
[Site "Rabac CRO"]
[Date "2003.09.10"]
[Round "4"]
[White "Movsesian,S"]
[Black "Palac,M"]
[Result "1/2-1/2"]
[WhiteElo "2647"]
[BlackElo "2561"]

1.e4 c5 2.Nf3 d6 3.d4 cxd4 4.Nxd4 Nf6 5.Nc3 a6 6.g3 e5 7.Nde2 Nbd7 8.Bg2 b5
9.h3 Bb7 10.g4 Nb6 11.Nd5 Nfxd5 12.exd5 Be7 13.O-O O-O 14.b3 Rc8 15.Be3 Bg5
16.f4 exf4 17.Nxf4 Re8 18.Qd2 Bf6 19.Rad1 Nd7 20.Nh5 Bc3 21.Qf2 Qe7 22.Bg5 f6
23.Bf4 Bb4 24.Kh1 Qe2 25.Ng3 Qxc2 26.Qd4 Bc5 27.Qa1 Ba3 28.Rd2 Qc7 29.Nf5 Ne5
30.Nd4 Bb4 31.Rc2 Qd7 32.Qd1 Rxc2 33.Qxc2 Rc8 34.Qd1 Ng6 35.Nc6 Nxf4 36.Rxf4 Bc3
37.Be4 g6 38.Rf2  1/2-1/2

[Event "TCh-CRO"]
[Site "Rabac CRO"]
[Date "2003.09.10"]
[Round "4"]
[White "Mohr,G"]
[Black "Pinter,J"]
[Result "1/2-1/2"]
[WhiteElo "2474"]
[BlackElo "2548"]

1.e4 c5 2.Nf3 d6 3.d4 cxd4 4.Nxd4 Nf6 5.Nc3 a6 6.g3 e5 7.Nde2 b5 8.Bg5 Nbd7
9.Nd5 Bb7 10.Bxf6 Nxf6 11.Nxf6+ Qxf6 12.Nc3 Rc8 13.Bg2 Be7 14.O-O O-O 15.a4 b4
16.Na2 a5 17.c3 bxc3 18.Nxc3 Rc5 19.Qb3 Bc6 20.Rfd1 h5 21.Nd5 Bxd5 22.Rxd5 Rfc8
23.Rad1 Rc2 24.R5d2 R2c5 25.h4 g6 26.Bh3 R8c7 27.Rd5 Kg7 28.Kg2 Bf8 29.Rxc5  1/2-1/2

[Event "EYb18"]
[Site "Budva YUG"]
[Date "2003.09.13"]
[Round "1"]
[White "Laznicka,V"]
[Black "Kalata,P"]
[Result "1-0"]
[WhiteElo "2446"]
[BlackElo "2255"]

1.e4 c5 2.Nf3 d6 3.d4 cxd4 4.Nxd4 a6 5.Nc3 Nf6 6.Be3 Ng4 7.Bc1 Nf6 8.g3 e6
9.Be3 b5 10.g4 h6 11.Qd2 Nbd7 12.O-O-O Bb7 13.h4 b4 14.Na4 Qa5 15.b3 Nc5
16.a3 Nxa4 17.axb4 Qc7 18.bxa4 d5 19.e5 Nd7 20.f4 Nb6 21.Rh3 Nxa4 22.Bf2 Rc8
23.Be1 Be7 24.f5 Qxe5 25.Bg3 Qe4 26.fxe6 fxe6 27.Re1 Qxg4 28.Be5 Rf8 29.Rg3 Qxh4
30.Kb1 Bg5 31.Qd3 Nc3+ 32.Ka1 Ne4 33.Nxe6 Bf6 34.Bxf6 Qxf6+ 35.Nd4  1-0

[Event "zt 2.5"]
[Site "Asuncion PAR"]
[Date "2003.09.18"]
[Round "5"]
[White "Felgaer,R"]
[Black "Mahia,G"]
[Result "1-0"]
[WhiteElo "2551"]
[BlackElo "2377"]

1.e4 c5 2.Nf3 d6 3.d4 cxd4 4.Nxd4 Nf6 5.Nc3 a6 6.g3 e5 7.Nb3 b5 8.Bg2 Bb7
9.O-O Nbd7 10.a4 b4 11.Nd5 Nxd5 12.exd5 a5 13.Bd2 Be7 14.c3 bxc3 15.Bxc3 Qb6
16.Ra3 O-O 17.Nxa5 Rxa5 18.Rb3 Qxb3 19.Qxb3 Nc5 20.Qc2 Ra7 21.Ra1 Rc8 22.h4 Ba6
23.b4 Nd7 24.Bh3 Bc4 25.Bd2 Rac7 26.Rc1 g6 27.a5 f5 28.Bf1 Bxf1 29.Qxc7 Rxc7
30.Rxc7 Bb5 31.Rb7  1-0

[Event "EYb16"]
[Site "Budva YUG"]
[Date "2003.09.19"]
[Round "6"]
[White "Huang,H"]
[Black "Ravic,N"]
[Result "1/2-1/2"]
[WhiteElo "2082"]
[BlackElo "2086"]

1.e4 c5 2.Nf3 d6 3.d4 cxd4 4.Nxd4 Nf6 5.Nc3 a6 6.g3 e5 7.Nb3 Nbd7 8.a4 b6
9.Bg2 Bb7 10.O-O Rc8 11.Qe2 Be7 12.Nd2 Nc5 13.Nc4 Nfd7 14.Qg4 Bc6 15.Ne3 Ne6
16.Qd1 Nd4 17.Ncd5 Nf6 18.c3 Ne6 19.Re1 Nxd5 20.Nxd5 Bxd5 21.Qxd5 O-O 22.Bh3 Rc5
23.Qd3 a5 24.Be3 Rc8 25.Qd5 Nc7 26.Qc6 Ne6 27.Qxb6 Rb8 28.Qxd8 Rfxd8 29.Reb1 Nc5
30.f3 Rb3 31.Bf1 Rdb8 32.Bc1 R3b7 33.Bc4 Nb3 34.Bxb3 Rxb3 35.Kf1 f5 36.Ke2 Kf7
37.Kd3 Ke6  1/2-1/2

[Event "EYb14"]
[Site "Budva YUG"]
[Date "2003.09.19"]
[Round "6"]
[White "Chernobay,A"]
[Black "Andriasian,Z"]
[Result "1/2-1/2"]
[WhiteElo "2261"]
[BlackElo "2311"]

1.e4 c5 2.Nf3 d6 3.d4 cxd4 4.Nxd4 Nf6 5.Nc3 a6 6.g3 g6 7.Bg2 Bg7 8.O-O O-O
9.h3 Nc6 10.Be3 Bd7 11.Nd5 Rc8 12.Rc1 Nxd5 13.exd5 Nxd4 14.Bxd4 Bxd4 15.Qxd4 Qa5
16.a3 b5 17.c3 Qa4 18.Qa7 Rfd8 19.Rfe1 e5 20.dxe6 Bxe6 21.Rcd1 Qc2 22.Qxa6 Qxb2
23.Rxd6 Rxd6 24.Qxd6 Qxc3 25.Re3 Qc1+ 26.Kh2 Qc7 27.Qb4 Qc5 28.Qf4 Rd8 29.Re5 Qxa3
30.Rxb5 Qd6  1/2-1/2

[Event "EYb14"]
[Site "Budva YUG"]
[Date "2003.09.21"]
[Round "8"]
[White "Chernobay,A"]
[Black "Bindrich,F"]
[Result "1/2-1/2"]
[WhiteElo "2261"]
[BlackElo "2334"]

1.e4 c5 2.Nf3 d6 3.d4 Nf6 4.Nc3 cxd4 5.Nxd4 a6 6.g3 e6 7.Bg2 Be7 8.O-O O-O
9.Be3 Qc7 10.Qe2 Nc6 11.Rad1 Ne5 12.Kh1 Rb8 13.f4 Nc4 14.Bc1 b5 15.e5 dxe5
16.fxe5 Qxe5 17.Nc6 Qc7 18.b3 Nd6 19.Bf4 Rb6 20.Nxe7+ Qxe7 21.Be3 Qc7 22.Bxb6 Qxb6
23.g4 h6 24.Qf2 Qa5 25.Qg3 Nb7 26.Ne2 Qxa2 27.Nd4 Qa3 28.g5 hxg5 29.Qxg5 Qc5
30.Qg3 Nd5 31.Be4 Ne7 32.Rg1 g6 33.Qh4 Kg7 34.b4 Qc7 35.Rdf1 Nf5 36.Bxf5 exf5
37.Rxf5 Qd8 38.Qf4 Nd6 39.Rh5 Bb7+ 40.Nf3 Rh8 41.Rxh8 Qxh8 42.Kg2 Qh5 43.Rf1 Nf5
44.Kg1 Qh3 45.Rf2 Qh5 46.Qe5+ Kh7 47.Qf4 Kg7  1/2-1/2

[Event "GRE-GEO Match w"]
[Site "Athens GRE"]
[Date "2003.09.22"]
[Round "4"]
[White "Makropoulou,M"]
[Black "Dzagnidze,N"]
[Result "1/2-1/2"]
[WhiteElo "2225"]
[BlackElo "2446"]

1.e4 c5 2.Nf3 d6 3.d4 cxd4 4.Nxd4 Nf6 5.Nc3 a6 6.g3 e5 7.Nb3 Be7 8.Bg2 O-O
9.O-O Nbd7 10.Bd2 b5 11.Re1 Bb7 12.a4 b4 13.Nd5 Bxd5 14.exd5 a5 15.c3 bxc3
16.Bxc3 Qb6 17.Ra3 Rfc8 18.Qe2 Bd8 19.Kh1 h5 20.h3 Qa7 21.f4 Bb6 22.fxe5 dxe5
23.Rf1 Re8 24.Nd2 Bd4 25.Ne4 Nxe4 26.Bxe4 Nc5 27.Bg2 h4 28.gxh4 Rad8 29.Qb5 Nb7
30.Rb3 Nc5 31.Ra3 Nb7 32.Rb3 Nc5 33.Ra3  1/2-1/2

[Event "GRE-GEO Match w"]
[Site "Athens GRE"]
[Date "2003.09.23"]
[Round "5"]
[White "Fakhiridou,E"]
[Black "Dzagnidze,N"]
[Result "0-1"]
[WhiteElo "2292"]
[BlackElo "2446"]

1.e4 c5 2.Nf3 d6 3.d4 cxd4 4.Nxd4 Nf6 5.Nc3 a6 6.g3 e6 7.Bg2 Be7 8.O-O O-O
9.Kh1 Qc7 10.f4 Nc6 11.Nb3 b5 12.a3 Bb7 13.g4 Nd7 14.g5 Nc5 15.f5 Rfe8 16.Nxc5 dxc5
17.fxe6 fxe6 18.Bf4 Ne5 19.Qh5 Bd6 20.Rad1 g6 21.Qh4 Nc4 22.Bxd6 Nxd6 23.Qf4 Rad8
24.Ne2 Qe7 25.Ng3 Rf8 26.Qg4 Nc4 27.Rde1 e5 28.Rf6 Rxf6 29.gxf6 Qxf6 30.b3 Bc8
31.Qe2 Nxa3 32.Nf1 Qd6 33.Qf2 b4 34.Ne3 Nb5 35.Nc4 Qe7 36.Qg3 Re8 37.Ne3 Nc3
38.Nc4 Bb7 39.Kg1 Qd7 40.Kh1 Qc7 41.h4 Bc6 42.Qg4 Qd7 43.Qg5 Qe7 44.Qg3 Bb5
45.Ne3 Kh8 46.Nd5 Nxd5 47.exd5 Bd7 48.Kg1 Bf5 49.Be4 Bxe4 50.Rxe4 Qd6 51.Qd3 Rf8
52.c4 bxc3 53.Qxc3 Re8 54.Qd3 Rd8 55.Qg3 Qxd5 56.Rxe5 Qd4+ 57.Kg2 Qb2+ 58.Kh3 Qb1
59.Re3 Qf1+ 60.Qg2 Qxg2+ 61.Kxg2 Kg7 62.Rf3 Rd4 63.Kg3 Rb4 64.Rc3 Kf6 65.Rxc5 Rxb3+
66.Kg4 Rb4+ 67.Kg3 Re4 68.Rc7 h5 69.Ra7 Re6 70.Kf4 Rb6 71.Ra8 Rb4+ 72.Kg3 Rb3+
73.Kg2 Ra3 74.Rf8+ Ke5 75.Re8+ Kf5 76.Rf8+ Kg4 77.Rg8 Rg3+ 78.Kh2 Kxh4 79.Rd8 g5
80.Rd4+ Rg4 81.Rd3 Ra4 82.Rb3 Ra2+ 83.Kg1 g4 84.Kh1 g3  0-1

[Event "zt 2.4"]
[Site "Sao Paulo BRA"]
[Date "2003.09.25"]
[Round "7"]
[White "Sierra,M"]
[Black "Leitao,R"]
[Result "0-1"]
[WhiteElo "2256"]
[BlackElo "2550"]

1.e4 c5 2.Nf3 d6 3.d4 cxd4 4.Nxd4 Nf6 5.Nc3 a6 6.g3 e5 7.Nde2 Be7 8.Bg2 Nbd7
9.a4 b6 10.h3 Bb7 11.g4 Nc5 12.Ng3 g6 13.f4 Ne6 14.O-O Nxf4 15.Bxf4 exf4
16.e5 Bxg2 17.exf6 Bxf6 18.Qe2+ Be5 19.Qxg2 fxg3 20.Qc6+ Kf8 21.Qb7 Qe8 22.Rxf7+ Qxf7
23.Rf1 Bd4+ 24.Kg2 Bf2 25.Qxa8+ Kg7 26.Qxa6 h5 27.g5 Re8 28.Qd3 Re5 29.h4 Qb7+
30.Qf3 Qxf3+ 31.Kxf3 Rf5+ 32.Kg2 Rf4 33.Rh1 Rc4 34.Kf3 Kf7 35.Ne2 Rxc2 36.Nxg3 Bd4
37.b3 Rc3+ 38.Ke4 Be5 39.Ne2 Rxb3 40.Kd5 Ke7 41.Rc1 Re3 42.Rc7+ Kd8 43.Rc2 Kd7
44.Ra2 Rd3+ 45.Kc4 Rh3 46.a5 bxa5 47.Rxa5 Ke6  0-1

[Event "2nd League TCh-SCG"]
[Site "Belgrade SCG"]
[Date "2003.09.29"]
[Round "3"]
[White "Bosnic,M"]
[Black "Mijatovic,D"]
[Result "1-0"]
[WhiteElo "2171"]
[BlackElo "2290"]

1.e4 c5 2.Nf3 d6 3.d4 cxd4 4.Nxd4 Nf6 5.Nc3 a6 6.g3 Bg4 7.f3 Bd7 8.Be3 e5
9.Nb3 Be6 10.Qd2 Nbd7 11.O-O-O Rc8 12.g4 Nb6 13.g5 Nfd7 14.Qf2 Be7 15.h4 Nc4
16.Bxc4 Rxc4 17.Nd5 Bxd5 18.Rxd5 O-O 19.Kb1 b5 20.Qg2 f5 21.Rhd1 fxe4 22.fxe4 Qc7
23.c3 Rf7 24.Nd2 Rc6 25.Nf1 Nb6 26.R5d3 Nd7 27.Ng3 g6 28.h5 Nf8 29.hxg6 hxg6
30.Rh1 Qc8 31.Nf1 a5 32.Bd2 Rh7 33.Rdh3 Rxh3 34.Rxh3 b4 35.Rd3 bxc3 36.Bxc3 Ne6
37.Bd2 Rc2 38.Qf3 Rc5 39.Qd1 Nxg5 40.Rg3 Nxe4 41.Rxg6+ Kf7 42.Rg1 Qf5 43.Ka1 Nxd2
44.Nxd2 Ke6 45.Qb3+ d5 46.Nb1 e4 47.Nc3 Bd6 48.a3 e3 49.Ne2 Ke5 50.Qxe3+ Qe4
51.Qg3+ Ke6 52.Qh3+ Kf7 53.Nc3 Rxc3 54.Qxc3 Be5 55.Qd2 Qf3 56.Kb1 a4 57.Rd1 d4
58.Qd3 Qd5 59.Rc1 Ke6 60.Qa6+ Kf5 61.Rf1+ Bf4 62.Qxa4  1-0